000 00330nam a2200133Ia 4500
003 GCL
008 140319s9999 xx 000 0 ara d
040 _aGCL /
_cGCL
082 0 4 _a817.008
_bا ص
245 1 0 _aصور ضاحكة
260 _a[S.N] :
_bدار الكتاب اللبنانى ،
_c1984
300 _a152 ص
490 _a
999 _c43832
_d43832